<?xml version="1.0" encoding="UTF-8"?>
<marc:record xmlns:marc="http://www.loc.gov/MARC21/slim">
   <marc:leader>00000nam a2200000 a 4500</marc:leader>
   <marc:datafield ind1="0" ind2="0" tag="245">
      <marc:subfield code="a">Die Brautbriefe</marc:subfield>
   </marc:datafield>
   <marc:datafield ind1="0" ind2="0" tag="245">
      <marc:subfield code="c">Sigmund Freud, Martha Bernays ; herausgegeben von Gerhard Fichtner, Ilse Grubrich-Simitis und Albrecht Hirschmüller</marc:subfield>
   </marc:datafield>
   <marc:datafield ind1=" " ind2="1" tag="264">
      <marc:subfield code="a">Frankfurt am Main</marc:subfield>
      <marc:subfield code="b">S. Fischer</marc:subfield>
      <marc:subfield code="c">2011</marc:subfield>
   </marc:datafield>
   <marc:datafield ind1="1" ind2=" " tag="520">
      <marc:subfield code="a">Angaben aus der Verlagsmeldung

Sei mein, wie ich mir's denke : Die Brautbriefe Bd. 1 (Juni 1882-Juli 1883) Brautbriefe / von Sigmund Freud, Martha Bernays

›Die Brautbriefe‹, Sigmund Freuds intimste Korrespondenz, waren jahrzehntelang ein Geheimtip, eine Art Mythos. In sorgfältiger Edition erscheinen sie nun erstmals ungekürzt.

Schon Band 1 zeigt, warum diese ›Brautbriefe‹, fast zwanzig Jahre vor Publikation der ›Traumdeutung‹ geschrieben, einzigartig sind: Erstmals wird die eigene Stimme von Martha Bernays vernehmbar, hochgescheit, witzig, streitbar, zärtlich. Aus seinen schonungslos offenen, bereits damals selbstanalytischen Briefen entsteht, gleichfalls neu, ein realistisches Bild des jungen Freud: von bitterer Armut niedergedrückt, verschuldet, schroff, misstrauisch, melancholisch, suchtgefährdet und zugleich schon damals der begeisternde, zupackend originelle Denker - »ich studiere jetzt der Menschen Innerstes« -, der große Schriftsteller, der leidenschaftlich Liebende. Wie die Korrespondenz insgesamt ist Band 1 zudem eine kostbare, facettenreiche Quelle für Wissenschaftsgeschichte und Alltagsgeschichte.
</marc:subfield>
   </marc:datafield>
   <marc:datafield ind1=" " ind2=" " tag="020">
      <marc:subfield code="a">9783100228079</marc:subfield>
      <marc:subfield code="9">9783100228079</marc:subfield>
   </marc:datafield>
   <marc:datafield ind1=" " ind2=" " tag="020">
      <marc:subfield code="a">3100228073</marc:subfield>
      <marc:subfield code="9">3100228073</marc:subfield>
   </marc:datafield>
   <marc:datafield ind1=" " ind2=" " tag="041">
      <marc:subfield code="a">ger</marc:subfield>
   </marc:datafield>
   <marc:datafield ind1=" " ind2=" " tag="300">
      <marc:subfield code="a">624 S.</marc:subfield>
   </marc:datafield>
</marc:record>
